000 00327nam a22001457a 4500
003 SGT
020 _a978-93-88022-34-7
082 _a615
_bDEA
100 _aDEALEKAR, DR. PRADNYA
245 _aFUNDAMENTALS OF PHARMACOLOGY
260 _aINDIA
_bIP PUB.
_c2022
300 _a252
650 _aPHARMACOLOGY
942 _2ddc
_cBK
999 _c32433
_d32433